| 000 | 00515nam a2200181Ia 4500 | ||
|---|---|---|---|
| 999 |
_c14685 _d14685 |
||
| 003 | OSt | ||
| 005 | 20201123110744.0 | ||
| 008 | 190216s9999||||xx |||||||||||||| ||und|| | ||
| 020 | _a978000727350 | ||
| 040 | _coclc | ||
| 082 |
_a823.912 _bTOL/L |
||
| 100 |
_aTolkien, J R R _95612 |
||
| 245 | 4 |
_aThe Lord Of The Rings / _cJ R R Tolkien |
|
| 260 |
_bHarper Collins Publishers, _c2005. _aLondon: |
||
| 300 | _a1178p | ||
| 650 | _aEnglish | ||
| 942 |
_cBK _2ddc _h823.912 _iTOL/L _k823.912 _mTOL/L |
||